101 ejercicios defensivos de baloncesto (Registro nro. 5993)

Detalles MARC
000 -CABECERA
Longitud fija campo de control 01467nam a2200277Ia 4500
005 - • FECHA Y HORA DE LA ÚLTIMA TRANSACCIÓN
Fecha y hora de la última transacción 20220317001124.0
008 - • CÓDIGOS DE INFORMACIÓN DE LONGITUD FIJA
Códigos de información de longitud fija 160825s2007 sp a g 000 0 spa
020 ## - • NÚMERO INTERNACIONAL NORMALIZADO PARA LIBROS
Número Internacional Normalizado para Libros (ISBN) 97884801958012
082 04 - • NÚMERO DE LA CLASIFICACIÓN DECIMAL DEWEY
Número de clasificación (R) 796.323
Número del ítem K17c
040 ## - FUENTE DE LA CATALOGACIÓN
Centro catalogador de origen CO-BoRNBP
Lengua de catalogación spa
Normas de descripción rda
Centro transcriptor CO-BoRNBP
100 1# - • PUNTO DE ACCESO PRINCIPAL-NOMBRE DE PERSONA
Nombre de persona Karl, George
245 10 - • TITULO PROPIAMENTE DICHO
Título 101 ejercicios defensivos de baloncesto
Mención de responsabilidad, etc. George Karl, Terry Stotts, Price Johnson ; traducción Eduardo Margaretto Kohrmann
250 ## - • MENCIÓN DE EDICIÓN
Mención de edición 2a. edición
Resto de la mención de edición 1a. reimpresión
264 ## - PRODUCCIÓN, PUBLICACIÓN , DISTRIBUCIÓN, FABRICACIÓN Y COPYRIGHT
Lugar de producción, publicación, distribución, fabricación Barcelona
Nombre del productor, editor, distribuidor, fabricante Paidotribo
Fecha de de producción, publicación, distribución, fabricación o copyright 2007
300 ## - • DESCRIPCIÓN FÍSICA
Extensión 142 páginas
Otras características físicas ilustraciones
Dimensiones 22 cm
336 ## - TIPO DE CONTENIDO
Término de tipo de contenido texto
Código de tipo de contenido txt
Fuente rdacontent
337 ## - TIPO DE MEDIO
Nombre del tipo de medio sin mediación
Código del tipo de medio n
Fuente rdamedia
338 ## - TIPO DE SOPORTE
Nombre del tipo de soporte volumen
Código del tipo de soporte nc
Fuente rdacarrier
505 ## - • NOTA DE CONTENIDO CON FORMATO
Nota de contenido con formato capítulo 1. Ejercicios para la transición defensiva. -- capítulo 2. Ejercicios para la defensa al hombre. -- capítulo 3. Ejercicios para el trabajo de pies. -- capítulo 4. Ejercicios para la defensa en zona. -- capítulo 5. Ejercicios defensivos en toda la pista. -- capítulo 6. ejercicios de uno contra uno. -- capítulo 7. Ejercicios de rebote. -- capítulo 8. Ejercicios para la defensa en los postes. -- capítulo 9. Defender los bloqueos. -- capítulo 10. Ejercicios de cambios de marcaje
650 14 - • PUNTO DE ACCESO ADICIONAL DE MATERIA - TÉRMINO DE MATERIA
Fuente del encabezamiento o término LEMB
Término de materia o nombre geográfico como elemento inicial Baloncesto
Subdivisión de materia general Enseñanza elemental
650 14 - • PUNTO DE ACCESO ADICIONAL DE MATERIA - TÉRMINO DE MATERIA
Fuente del encabezamiento o término LEMB
Término de materia o nombre geográfico como elemento inicial Baloncesto
Subdivisión de materia general Estrategia y técnicas
650 14 - • PUNTO DE ACCESO ADICIONAL DE MATERIA - TÉRMINO DE MATERIA
Fuente del encabezamiento o término LEMB
Término de materia o nombre geográfico como elemento inicial Juegos de pelota
700 1# - • PUNTO DE ACCESO ADICIONAL - NOMBRE DE PERSONA
Nombre de persona Stotts, Terry
700 1# - • PUNTO DE ACCESO ADICIONAL - NOMBRE DE PERSONA
Nombre de persona Margaretto Kohrmann, Eduardo
942 ## - ENTRADA DE ELEMENTOS AGREGADOS (KOHA)
Fuente de clasificaión o esquema Dewey Decimal Classification
Koha [por defecto] tipo de item LIbro

No hay ítems disponibles.










Instituto Departamental de Cultura del Meta - Red Departamental de Bibliotecas Públicas del Meta.